Tropical grasslands / (Record no. 11618)

000 -LEADER
fixed length control field 00437cam a22001698a 4500
020 ## - INTERNATIONAL STANDARD BOOK NUMBER
ISBN 9781432941826 (hc)
040 ## - CATALOGING SOURCE
Transcribing agency DLC
082 00 - DEWEY DECIMAL CLASSIFICATION NUMBER
Classification number 577 RAI 2011 A029 Or.
100 1# - MAIN ENTRY--AUTHOR NAME
Personal name Morgan, Ben,
245 10 - TITLE STATEMENT
Title Tropical grasslands /
260 ## - PUBLICATION, DISTRIBUTION, ETC. (IMPRINT)
Place of publication Chicago, Ill. :
Name of publisher Raintree,
Year of publication c2011.
300 ## - PHYSICAL DESCRIPTION
Number of Pages 64 p. :
Other physical details col. ill., col. maps ;
Dimensions cm.
490 0# - SERIES STATEMENT
Series statement Biomes atlases
650 #0 - SUBJECT ADDED ENTRY--TOPICAL TERM
Topical Term Grassland ecology
650 #0 - SUBJECT ADDED ENTRY--TOPICAL TERM
Topical Term Grassland ecology
942 ## - ADDED ENTRY ELEMENTS (KOHA)
Koha item type សៀវភៅភាសាអង់គ្លេស
952 ## - LOCATION AND ITEM INFORMATION (KOHA)
Withdrawn status [LOCAL, KOHA] 0
952 ## - LOCATION AND ITEM INFORMATION (KOHA)
Withdrawn status [LOCAL, KOHA] 0
952 ## - LOCATION AND ITEM INFORMATION (KOHA)
Withdrawn status [LOCAL, KOHA] 0
952 ## - LOCATION AND ITEM INFORMATION (KOHA)
Withdrawn status [LOCAL, KOHA] 0
952 ## - LOCATION AND ITEM INFORMATION (KOHA)
Withdrawn status [LOCAL, KOHA] 0
952 ## - LOCATION AND ITEM INFORMATION (KOHA)
Withdrawn status [LOCAL, KOHA] 0
952 ## - LOCATION AND ITEM INFORMATION (KOHA)
Withdrawn status [LOCAL, KOHA] 0
952 ## - LOCATION AND ITEM INFORMATION (KOHA)
Withdrawn status [LOCAL, KOHA] 0
Holdings
Permanent Location Date acquired Koha item type Lost status Shelving location Barcode Current Location Full call number
Library Block A2017-08-04សៀវភៅភាសាអង់គ្លេស A029A10362Library Block A577 RAI 2011 A029 Or.
Library Block A2017-08-04សៀវភៅភាសាអង់គ្លេស A029A12535Library Block A577 RAI 2011 A029 Or.
Library Block A2017-08-04សៀវភៅភាសាអង់គ្លេស A029A09513Library Block A577 RAI 2011 A029 Or.
Library Block A2017-08-04សៀវភៅភាសាអង់គ្លេស A029A12312Library Block A577 RAI 2011 A029 Or.
Library Block A2017-08-04សៀវភៅភាសាអង់គ្លេស A029A11727Library Block A577 RAI 2011 A029 Or.
Library Block A2017-08-04សៀវភៅភាសាអង់គ្លេស A029A09857Library Block A577 RAI 2011 A029 Or.
Library Block A2017-08-04សៀវភៅភាសាអង់គ្លេស A029A11286Library Block A577 RAI 2011 A029 Or.
Library Block A2017-08-04សៀវភៅភាសាអង់គ្លេស A029A12132Library Block A577 RAI 2011 A029 Or.
មជ្ឈមណ្ឌលឯការនៃសាកលវិទ្យាល័យភូមិន្ទកសិកម្មចំការដូង

Powered by Koha